FOTOGRAFIE JAKO CENNÁ POMŮCKA K OPATŘENÍ SI NEPŘÍSTUPNÉ LITERATURY

Bibliographic Details
Main Author: Měska, Adolf, 1891-1969 (Author)
Format: Article
Language:Czech

MARC

LEADER 00000nab a2200000ua 4500
001 vtls010803171
003 SK-MaSNL
005 20260303190457.0
008 230214s xo |||||||||||||||||cze|
035 |a (urnnbn)urn:nbn:sk:snk:ar-a037xs 
035 |a (uuid)e7aba243-93ad-495b-9b9d-220ab02f7e0e 
035 |a urn:nbn:sk:snk-ab54j7 
040 |a SNKBUCL  |b slo  |c SNKBUCL  |e AACR2 
041 0 |a cze 
044 |a xo  |c SK 
100 1 |a Měska, Adolf,  |d 1891-1969  |4 aut  |9 232213 
245 1 0 |a FOTOGRAFIE JAKO CENNÁ POMŮCKA K OPATŘENÍ SI NEPŘÍSTUPNÉ LITERATURY  |c A. Měska 
773 0 |t Bratislavské lekárske listy  |g Roč. 5, č. 7 (1925-1926), s. [99]-100 
954 |a odborná, vedecká literatúra cudzojazyčná (svetová)  |2 lita 
958 |a OND 
958 |a EUIPO 
958 |a article3 
999 |c 2136451  |d 2138381